00213 a2200109 4500001000700000020000600007040001100013100001700024240002900041245002400070362000900094162792 a  cMagnum aLopez, Maria10aPedrinho sem amigoslpor10aPedrinho sem amigos0 a1899